000 00620nam a2200217 u 4500
005 20220916063554.0
008 130612s2007 r 000 0 eng d
020 _a9789681683672
035 _aUPN01000191549
049 _aI
050 4 _aPZ71
_bK3.4
100 1 _aKamm, Katja
_934198
245 1 0 _aInvisible /
_cKatja Kamm.
260 _aMéxico :
_bFCE,
_c2007.
300 _a[34] p. :
_bprincipalmente il. col.
440 4 _aLos especiales de A la orilla del viento
534 _pTítulo original:
_tUnsichtbar
650 7 _aLibros ilustrados para niños
_2
_921365
905 _aInfantil
999 _c163652
_d163652